Computer science : (Record no. 84221)
[ view plain ]
| 000 -LEADER | |
|---|---|
| fixed length control field | 01909cam a2200397 i 4500 |
| 001 - CONTROL NUMBER | |
| control field | GVRL50XH |
| 003 - CONTROL NUMBER IDENTIFIER | |
| control field | MiFhGG |
| 005 - DATE AND TIME OF LATEST TRANSACTION | |
| control field | 20250820004431.0 |
| 006 - FIXED-LENGTH DATA ELEMENTS--ADDITIONAL MATERIAL CHARACTERISTICS | |
| fixed length control field | m o d |
| 007 - PHYSICAL DESCRIPTION FIXED FIELD--GENERAL INFORMATION | |
| fixed length control field | cr un ---uuuua |
| 008 - FIXED-LENGTH DATA ELEMENTS--GENERAL INFORMATION | |
| fixed length control field | 220504t20202020nyua o 000 0 eng d |
| 020 ## - INTERNATIONAL STANDARD BOOK NUMBER | |
| International Standard Book Number | 9781438195889 |
| Qualifying information | (electronic book) |
| 035 ## - SYSTEM CONTROL NUMBER | |
| System control number | (OCoLC)1315030076 |
| 040 ## - CATALOGING SOURCE | |
| Original cataloging agency | MiFhGG |
| Language of cataloging | eng |
| Transcribing agency | MiFhGG |
| Description conventions | rda |
| -- | pn |
| 050 #4 - LIBRARY OF CONGRESS CALL NUMBER | |
| Classification number | QA76.27 |
| Item number | .K57 2020 |
| 100 1# - MAIN ENTRY--PERSONAL NAME | |
| Personal name | Kirkland, Kyle, |
| Relator term | author. |
| 245 10 - TITLE STATEMENT | |
| Title | Computer science : |
| Remainder of title | notable research and discoveries / |
| Statement of responsibility, etc. | Kyle Kirkland, Ph.D. |
| 250 ## - EDITION STATEMENT | |
| Edition statement | Revised edition. |
| 264 #1 - PRODUCTION, PUBLICATION, DISTRIBUTION, MANUFACTURE, AND COPYRIGHT NOTICE | |
| Place of production, publication, distribution, manufacture | New York, New York : |
| Name of producer, publisher, distributor, manufacturer | Facts On File, |
| Date of production, publication, distribution, manufacture, or copyright notice | [2020] |
| 264 #4 - PRODUCTION, PUBLICATION, DISTRIBUTION, MANUFACTURE, AND COPYRIGHT NOTICE | |
| Date of production, publication, distribution, manufacture, or copyright notice | ©2020 |
| 300 ## - PHYSICAL DESCRIPTION | |
| Extent | 1 online resource (202 pages) : |
| Other physical details | color illustrations. |
| 336 ## - CONTENT TYPE | |
| Content type term | text |
| Content type code | txt |
| Source | rdacontent |
| 337 ## - MEDIA TYPE | |
| Media type term | computer |
| Media type code | c |
| Source | rdamedia |
| 338 ## - CARRIER TYPE | |
| Carrier type term | online resource |
| Carrier type code | cr |
| Source | rdacarrier |
| 490 1# - SERIES STATEMENT | |
| Series statement | Frontiers of science |
| 490 0# - SERIES STATEMENT | |
| Series statement | Gale eBooks |
| 505 0# - FORMATTED CONTENTS NOTE | |
| Formatted contents note | Advanced computers -- Artificial neural networks-computing with "brainy" technology -- Computational complexity and solving problems efficiently -- Encryption and decryption : making and breaking codes and ciphers -- Computer vision-creating machines that can see -- Bioinformatics-using computers to explore biological data -- Final thoughts. |
| 520 ## - SUMMARY, ETC. | |
| Summary, etc. | This revised edition describes how scientists conduct research and formulate possible answers to important questions. It presents the basic concepts of computer science, and examines how the field lends itself to many scientific disciplines such as medicine and environmental science. |
| 650 #0 - SUBJECT ADDED ENTRY--TOPICAL TERM | |
| Topical term or geographic name entry element | Computer science |
| General subdivision | Research. |
| 650 #0 - SUBJECT ADDED ENTRY--TOPICAL TERM | |
| Topical term or geographic name entry element | Computers |
| General subdivision | Research. |
| 710 2# - ADDED ENTRY--CORPORATE NAME | |
| Corporate name or jurisdiction name as entry element | Gale (Firm) |
| 830 #0 - SERIES ADDED ENTRY--UNIFORM TITLE | |
| Uniform title | Frontiers of science (New York, N.Y.) |
| 856 40 - ELECTRONIC LOCATION AND ACCESS | |
| Uniform Resource Identifier | <a href="https://link.gale.com/apps/pub/50XH/GVRL?sid=gale_marc&u=phurs">https://link.gale.com/apps/pub/50XH/GVRL?sid=gale_marc&u=phurs</a> |
| Public note | Available via Gale eBooks. Click here to access |
| 912 ## - | |
| -- | 50XH |
| 942 ## - ADDED ENTRY ELEMENTS (KOHA) | |
| Source of classification or shelving scheme | Library of Congress Classification |
| Koha item type | E-Book |
| Withdrawn status | Source of classification or shelving scheme | Damaged status | Not for loan | Home library | Current library | Date acquired | Total Checkouts | Date last seen | Price effective from | Koha item type |
|---|---|---|---|---|---|---|---|---|---|---|
| Library of Congress Classification | E-Books Gale | E-Books Gale | 08/19/2025 | 08/19/2025 | 08/19/2025 | E-Book |